| 000 | 00561nam a2200145Ia 4500 | ||
|---|---|---|---|
| 008 | 170221s9999 xx 000 0 und d | ||
| 100 | _aSadia Deep | ||
| 245 | _aExploring the Role of Problem-Based Learning in Developing Conflict Resolving and other Soft Skills - A Quasi-Experimental Study | ||
| 245 | _cSadia Deep, Berhannudin Mohd Salleh, Hussain Othman | ||
| 260 | _bInternational Review of Management and Marketing | ||
| 260 | _cMay 2014 | ||
| 300 | _a3:2 | ||
| 650 | _xMarketing. | ||
| 856 | _uhttp://www.econjournals.com/index.php/irmm/issue/view/88 | ||
| 999 |
_c310139 _d310139 |
||